LEADER 01746nam a2200265 i 4500 001 000000003346 003 CaOOAMICUS 005 20230420100250.0 008 180830s19801986it u000 u ita u 040 $aSeMil$bita 100 1 $aBalthasar, Hans Urs : von,$c.$0(OLS)http://semarc/name/881 240 10$aTheodramatik.$0(OLS)http://semarc/title/5727 245 10$aSez. 2: Teodrammatica /$cHans Urs von Balthasar ; traduzione di Guido Sommavilla. 264 1$aMilano :$bJaca Book,$c1980-1986. 300 $a5 v. ;$c24 cm. 700 1 $aSommavilla, Guido,$c.$0(OLS)http://semarc/name/89230 774 0 $aBalthasar, Hans Urs : von $tIntroduzione al dramma.$dMilano : Jaca Book, 1980.$kGià e non ancora$kHans Urs von Balthasar Opere$z88-16-30069-8$w()34384 774 0 $aBalthasar, Hans Urs : von $tPersone del dramma.$dMilano : Jaca Book, 1982.$kGià e non ancora$kHans Urs von Balthasar Opere$z88-16-30083-3$w()39701 774 0 $aBalthasar, Hans Urs : von $tPersone del dramma.$dMilano : Jaca Book, 1983.$kGià e non ancora$kHans Urs von Balthasar Opere$z88-16-30100-7$w()39700 774 0 $aBalthasar, Hans Urs : von $tAzione.$dMilano : Jaca Book, 1986.$kGià e non ancora$kHans Urs von Balthasar Opere$z88-16-30129-5$w()34385 774 0 $aBalthasar, Hans Urs : von $tUltimo atto.$dMilano : Jaca Book, 1986.$kGià e non ancora$kHans Urs von Balthasar Opere$z88-16-30138-4$w()34386 830 0$aHans Urs von Balthasar Opere.$0(OLS)http://semarc/title/430463 996 $6245$aSez. 2: Teodrammatica$9(OLS)http://semarc/title/5726 996 $6264$aMilano :$bJaca Book$9(OLS)http://semarc/publisher/29781 LEADER 03135nam a2200517 i 4500 001 000000062467 003 CaOOAMICUS 005 20191015144736.0 008 090818s1998 it u000 u ita u 013 $a33639 020 $a88-382-3766-2 040 $aSeMil$bita 245 12$aL'Esortazione apostolica di Paolo 6. "Evangelii Nuntiandi" :$bstoria, contenuti, ricezione : colloquio internazionale di studio, Brescia, 22-23-24 settembre 1995. 260 $aRoma :$bStudium,$c1998. 260 $aBrescia :$bIstituto Paolo 6.,$c1998. 300 $aIX, 330 p. ;$c27 cm. 490 0 $aPubblicazioni dell'Istituto Paolo 6 ;$v19 500 $aDono di mons. Antonio Rimoldi. 650 4$aPaolo VI - Esortazioni apostoliche . Evangelii nuntiandi - Commentari e studi.$0(OLS)http://semarc/subject/12300 774 0 $tEsortazione apostolica di PaoloVI Evangelii nuntandi: Storia, ricezione, contenuti.$w()325928 774 0 $tColloqui dell'Istituto Paolo VI.$w()325938 774 0 $tSituation de l'Eglise au lendemain des Golden Sixties.$w()325939 774 0 $tTensions et médiations au Synode sur l'evangelisation en 1974.$w()325940 774 0 $tVon der Bischofssynode 1974 zur Apostolischen Exhortation Evangelii Nuntiandi.$w()325941 774 0 $tNella linea della continuità.$w()325942 774 0 $tHacia una propedeutica de la evangelisacion.$w()325943 774 0 $tEnseignement de l'exhortation apostolique Evangelii nuntiandi sur l'evangelisation.$w()325944 774 0 $tEvangelii Nuntiandi en la perspectiva de la problematica de la filosofia contemporanea de la religion.$w()325945 774 0 $tLiturgia y religiosidad popular en la vida y doctrina de Paolo VI.$w()325946 774 0 $tReception of Evangelii Nuntiandi in the West. Remarks for oral Delivery.$w()325947 774 0 $tEvangelii Nuntiandi and the Meeting of the Gospel with Asia's Cultures. Religions and Socio-economic Problems.$w()325948 774 0 $tExhortacion apostolica Evangelii Nuntiandi en la Eglisia en America Latina.$w()325949 774 0 $tStile comunicativo della Evangelii Nuntiandi.$w()325950 774 0 $tPaul VI et la dynamique de l'evangelisation en l'Afrique.$w()325951 774 0 $tSome Ecclesiological Reflections on Evangelii Nuntiandi.$w()325952 774 0 $tEvangelii Nuntiandi and T. S. Eliot: a Note.$w()325953 774 0 $tEvangelii Nuntiandi and Asia.$w()325954 830 0$aPubblicazioni dell'Istituto Paolo 6. ;$v19.$0(OLS)http://semarc/title/121 850 $aSeMil 852 $aSeMil$W1$xVenegono$y1$m2A IV 220$j28620$B28620$CSeMilBibl$Z2$F28623 $81 961 $aOmaggio: Rimoldi mons. Antonio 996 $6020$a88-382-3766-2$9(OLS)http://semarc/number/39024 996 $6245$aL'Esortazione apostolica di Paolo 6. "Evangelii Nuntiandi" :$bstoria, contenuti, ricezione : colloquio internazionale di studio, Brescia, 22-23-24 settembre 1995$9(OLS)http://semarc/title/98336 996 $6260$aBrescia :$bIstituto Paolo 6.$9(OLS)http://semarc/publisher/29616 996 $6260$aRoma :$bStudium$9(OLS)http://semarc/publisher/29617